000 00549nam a2200229Ia 4500
008 170203s9999 xx 000 0 und d
020 _a0-439205484
050 _a535.4
050 _b.O89s 2001
100 _aOtto, Carolyn
245 _aShadows /
245 _cCarolyn B. Otto
260 _aNew York :
260 _bScholastic Inc.
260 _c2001
300 _a32 pages :
300 _bcolor illustrations :
300 _c22 cm.
440 _aScholastic Science Readers
650 _aShadows--
650 _xJuvenile literature.
999 _c305556
_d305556